| 000 | 00468nam a2200193Ia 4500 | ||
|---|---|---|---|
| 003 | 0100 | ||
| 008 | 130303s9999 xx 000 0 und d | ||
| 040 | _cARRUPELIB | ||
| 050 | _aBT21.2.H57 | ||
| 100 | _aCunliffe-Jones, Hubert (ed.) | ||
| 245 | 2 | _aA history of Christian Doctrine | |
| 260 | _aEdinburgh | ||
| 260 | _bT. and T. Clark Limited | ||
| 260 | _C1978 | ||
| 300 | _a598p. | ||
| 300 | _b 23cm | ||
| 700 | _aDrewery, Benjamin (ed.) | ||
| 942 |
_2lcc _01 |
||
| 999 |
_c60961 _d60961 |
||